Estudio de las necesidades de recolección, tratamiento y disposición de las aguas residuales en la ciudad de Paraiso de Cartago.
Збережено в:
| Автор: | |
|---|---|
| Формат: | Книга |
| Опубліковано: |
San José, Costa Rica
1987
|
| Предмети: | |
| Теги: |
Додати тег
Немає тегів, Будьте першим, хто поставить тег для цього запису!
|
MARC
| LEADER | 00000nam a2200000Ia 4500 | ||
|---|---|---|---|
| 003 | 004490 | ||
| 005 | 20221231144348.0 | ||
| 008 | 140114s1987 cr a m 000 ||s d | ||
| 040 | |c cru CEDI | ||
| 090 | |a TFG 2029 | ||
| 100 | |a Blanco Rojas, Carlos |9 13810 | ||
| 245 | |a Estudio de las necesidades de recolección, tratamiento y disposición de las aguas residuales en la ciudad de Paraiso de Cartago. | ||
| 260 | |c 1987 |a San José, Costa Rica | ||
| 300 | |a x, [152] hojas : ilustraciones (algunas plegables) ; 27 cm | ||
| 500 | |a Proyecto de graduacion (licenciatura en ingeniería civil)--Universidad de Costa Rica. Facultad de Ingeniería. Escuela de Ingeniería Civil | ||
| 650 | |x AGUAS RESIDUALES |9 13811 | ||
| 942 | |c TFG |2 ddc | ||
| 999 | |c 20743 |d 20743 | ||
